Stranger Things - Personnages par images #2 - Statistiques

Statistiques générales
  • Ce quiz a été pris 92 fois
  • Le résultat moyen est 14 sur 16
Statistiques - réponses
Par images Réponse % Correct
Dustin Henderson
99%
Lucas Sinclair
99%
Jane Hopper
98%
Max Mayfield
98%
Will Byers
98%
Joyce Byers
96%
Erica Sinclair
95%
Jonathan Byers
95%
Eddie Munson
94%
Billy Hargrove
93%
Holly Wheeler
89%
Murray Bauman
80%
Karen Wheeler
77%
Kali Prasad
75%
Docteur Martin Brenner
72%
Argyle
65%
Aucun quiz correspondant
Distribution des résultats
% des personnes avec chaque résultat
Percentile par nombre de réponses
Votre historique - résultats
Vous n’avez pas pris ce quiz